000 00303nam a22001337a 4500
008 170526b xxu||||| |||| 00| 0 eng d
020 _a083060913-X
041 _aeng
080 _22ND
_a621.38
100 _a27
101 _aIM
245 _aBASIC ELECTRONICS COURSE
_cCROWHURST, N.H
942 _2udc
_cBK
999 _c14512
_d14512